Phrases cultes politique française - Statistiques

Statistiques générales
  • Ce quiz a été pris 126 fois
  • Le résultat moyen est 8 sur 12
Statistiques - réponses
Citations Réponses % Correct
Ce que vous proposez, comme d'habitude, c'est de la poudre de perlimpinpin. Emmanuel Macron
96%
Ils sont làààà. Ils sont dans les campagnes, dans les villes, sur les réseaux sociaux Marine Lepen
88%
La République c'est moi. Jean-Luc Mélenchon
85%
Moi ? Moi ? Moi? Mais qui elle est celle-là ? Jean-Luc Mélenchon
78%
Où trouve-t-il toute cette énergie ? Jordan Bardella
78%
Je suis endettée personnellement à hauteur de 5 millions d'euros. Valérie Pécresse
78%
Tu casses, tu répares. Tu salis, tu nettoies.Tu défies l'autorité, on t'apprend à la respecter. Gabriel Attal
75%
Est-ce que vous pensez que ça me fait plaisir de faire cette réforme ? Non. J'aurais pu mettre la poussière sous le tapis ? Oui, peut-être Emmanuel Macron
65%
Rien de tel qu'une femme pour faire le ménage. Valérie Pécresse
49%
Il faut un cap clair. Raphaël Glucksmann
46%
Vous préférez manger des biscuits Pépito que voter sur le projet de loi de finances. J'espère que le gâteau était bon ! David Guiraud
31%
Personne n'a CRAQUÉ ! Personne n'a CRAQUÉ ! Olivier Dussopt
16%
Aucun quiz correspondant
Distribution des résultats
% des personnes avec chaque résultat
Percentile par nombre de réponses
Votre historique - résultats
Vous n’avez pas pris ce quiz